000 00294nam a2200085Ia 4500
245 0 _aBetter birth : the ultimate guide to childbirth from home births to hospitals
100 _a Spatafora, Denise Hoboken, N.J., [c.2009]
_958985
942 _cBK
008 210818s9999 xx 000 0 und d
999 _c426941
_d426940